Datum a čas kvízu
23
Celkem bodů
Celkový počet nahraných bodů na tomto kvízu bez doplňovacích otázek.
9.
Pořadí na kvízu
Konečné umístění týmu na tomto kvízu.
Zaznamenané odpovědi
| # | Otázka | Odpověď | Body | Výsledky |
|---|---|---|---|---|
| 1. | Ministr obrany Lubomír Metnar... | Vojenská policie | 0 | |
| 2. | V keňské rezervaci Laikipia Wi... | levhart černý (uznáváme i leopard, panter nebo pardál) | 1 | |
| 3. | Rakouská společnost Koch Media... | Warhorse (Studios) | 0 | |
| 4. | Společnost Coca-Cola přichází... | pomerančová | 0 | |
| 5. | Přestože televizní program avi... | Rozhodčí byla žena. | 0 | |
| 6. | Dlouhé názvy filmů byly v módě... | dobrodružství vojáka Ivana | 0 | |
| 5. | Rodinná komedie, kde se objevi... | žádné holce neopustil | 0 | |
| 5. | Kultovní režisér Woody Allen v... | báli jste se zeptat | 1 | |
| 5. | Volné pokračování úspěšné sati... | to se počítá, pánové... | 1 | |
| 5. | Francouzsko - španělská komedi... | budeme zlí | 1 |